000 00713nam a2200205 a 4500
999 _c2799
_d2799
001 2799
003 BD-JhCC
005 20171106202815.0
008 171106b1382 i ||||| |||| 00| 0 ben d
035 _a(BD-JhCC)
040 _aBD-JhCC
_dBD-JhCC
041 _aben
082 _a891.443
_bBON 1382
100 _aবন্দ্যোপাধ্যায়, বিভূতিভূষণ
245 _aইছামতী /
_cবিভূতিভূষণ বন্দ্যোপাধ্যায়
260 _aকলিকাতা:
_bমিত্র ও ঘোষ পাবলিশার্স ;
_c১৩৮২
300 _a২১৯ পৃ.;
_c২২ সেমি
650 _aNovel
942 _2ddc
_cBK